[Event "Bagneux op U16"]
[Site "Bagneux "]
[Date "2002.07.01"]
[Round "2"]
[White "Den Kelder, Op"]
[Black "Yuen, Wing On"]
[Result "1-0"]
[WhiteElo "1883"]
[BlackElo "1590"]
[PlyCount "49"]
[EventDate "2002.??.??"]
[EventType "swiss"]
[EventRounds "9"]
[EventCountry "FRA"]
[SourceTitle "EXT 2003"]
[Source "ChessBase"]
[SourceDate "2002.11.25"]
[SourceVersion "1"]
[SourceVersionDate "2002.11.25"]
[SourceQuality "1"]

1. e4 c5 2. Nf3 d6 3. d4 cxd4 4. Nxd4 Nf6 5. Nc3 g6 6. Be3 Bg7 7. f3 Qb6 8. Bb5+ Bd7 9. Nf5 Qc7 10. Nxg7+ Kd8 11. Qd2 Rg8 12. Bd4 e5 13. Be3 Rxg7 14. Bg5 Ke8 15. Bxf6 Rg8 16. Nd5 Qc5 17. b4 Qc8 18. Ne7 Qc7 19. Bxd7+ Nxd7 20. Nxg8 Nxf6 21. Nxf6+ Ke7 22. Nd5+ Kd7 23. Nxc7 Kxc7 24. 0-0 Kd7 25. Rfd1 1-0

[Event "Bagneux op U16"]
[Site "Bagneux "]
[Date "2002.06.30"]
[Round "1"]
[White "Postma, Daan"]
[Black "Den Kelder, Op"]
[Result "0-1"]
[WhiteElo "1399"]
[BlackElo "1883"]
[PlyCount "72"]
[EventDate "2002.??.??"]
[EventType "swiss"]
[EventRounds "9"]
[EventCountry "FRA"]
[SourceTitle "EXT 2003"]
[Source "ChessBase"]
[SourceDate "2002.11.25"]
[SourceVersion "1"]
[SourceVersionDate "2002.11.25"]
[SourceQuality "1"]

1. e4 c5 2. Nf3 Nc6 3. d4 cxd4 4. Nxd4 g6 5. Be3 Nf6 6. Nc3 Bg7 7. Bc4 0-0 8. 0-0 Nxe4 9. Nxe4 d5 10. Bb5 Nxd4 11. Bxd4 dxe4 12. Bxg7 Kxg7 13. Re1 a6 14. Bc4 f5 15. Qxd8 Rxd8 16. Rad1 Bd7 17. Rd5 Bc6 18. Re5 Kf8 19. f3 Rd2 20. Re2 Rad8 21. Kf2 Rxe2+ 22. Kxe2 exf3+ 23. gxf3 Rd4 24. Bd3 Rf4 25. Re3 Rh4 26. Kd1 Rxh2 27. Be2 h5 28. Re6 Rg2 29. Ke1 h4 30. Kf1 h3 31. c4 Kf7 32. Re3 f4 33. Rc3 Rg5 34. Kf2 e5 35. Bf1 Rg3 36. b4 e4 0-1